[Event "Mazowiec-chT 1415"]
[Site "Warsaw"]
[Date "2015.02.08"]
[Round "3.9"]
[White "Wisniewski, Tomasz"]
[Black "Lukasik, Adam"]
[Result "0-1"]
[WhiteElo "1379"]
[BlackElo "1976"]
[PlyCount "80"]
[EventDate "2015.01.11"]
[EventType "team-tourn"]
[EventRounds "7"]
[EventCountry "POL"]
[SourceTitle "EXT 2019"]
[Source "ChessBase"]
[SourceDate "2018.10.10"]
[SourceVersion "1"]
[SourceVersionDate "2018.10.10"]
[SourceQuality "1"]

1. e4 d6 2. d4 Nf6 3. Nc3 e5 4. dxe5 dxe5 5. Qxd8+ Kxd8 6. Bg5 Be6 7. 0-0-0+ Nbd7 8. f3 a6 9. Nd5 Bd6 10. Bxf6+ Nxf6 11. Ne3 Ke7 12. Bc4 Rhd8 13. Bxe6 Kxe6 14. Nf5 Bf8 15. Ne2 g6 16. Ne3 Bh6 17. f4 exf4 18. Nd4+ Rxd4 19. Rxd4 fxe3 20. Kb1 Ke5 21. Rc4 Rd8 22. Rc3 e2 23. Rd3 Rxd3 24. cxd3 Bd2 25. Kc2 e1Q 26. Rxe1 Bxe1 27. a3 Kd4 28. b4 a5 29. b5 a4 30. h3 Bc3 31. g4 Nd7 32. h4 Nc5 33. h5 Nxd3 34. h6 g5 35. e5 Nxe5 36. b6 c5 37. Kd1 Kd3 38. Kc1 Nxg4 39. Kd1 Ne3+ 40. Kc1 g4 0-1